| 000 | 01063nam a22002657a 4500 | ||
|---|---|---|---|
| 001 | BD-DhSAU 9032 | ||
| 003 | BD-DhSAU | ||
| 005 | 20181205122351.0 | ||
| 008 | 150612b20 bg a||||r|||| 000 0 eng d | ||
| 040 | _aBD-DhSAU | ||
| 082 |
_222 _a634.9 _bR1293 |
||
| 100 | _aRahman, Obaydur | ||
| 245 |
_aMini pond as a climate change adaption technology for drought prone area Porsha Upazila of Naogoan District in Bangladesh / Ms Thesis _c Obaydur Rahman |
||
| 260 |
_aSher-e- Bangla Agricultural University : _bDepartment of Agroforestry and Environmental Science, _c2015, |
||
| 300 |
_ax, 72 p. : _bill. , _c30 cm. |
||
| 504 | _aIncludes references. | ||
| 590 | _aKamim | ||
| 650 | _aAgroforestry | ||
| 650 | _aMini pond as a climate change adaption technology | ||
| 650 | _adrought prone area Porsha Upazila of Naogoan Djistrict in Bangladesh | ||
| 700 |
_aNaher, Nazmun _eSupervisor |
||
| 700 |
_aAlam, A.K.M. Mahabubul _eCo-Supervisor |
||
| 856 |
_yOnline access _uhttp://archive.saulibrary.edu.bd:8080/xmlui/handle/123456789/1799 |
||
| 942 |
_2ddc _cTHESIS |
||
| 999 |
_c13764 _d13763 |
||